Metódy a formy logopedickej starostlivosti aplikované u detí žijúcich v detských domovoch

Bibliographic Details
Main Author: Hozlárová, Ľubica (Author)
Format: Electronic Article
Language:Slovak
ISBN:9788022328623
Subjects:
Online Access:http://alis.uniba.sk/storage/uk/fif/acta/k-vtls000051716.pdf

MARC

LEADER 00000nab a2200000 4500
001 vtls012007367
003 SK-MaSNL
005 20260304170501.0
008 201204|1988 xo |||| ||an ||00 0|slo
015 |a SNBRB2020/12 
040 |a SPKCL  |b slo  |e rda 
041 |a slo  |b ger  |b eng  |b rus  |a slo 
044 |a xo  |c SK 
072 7 |a 376  |x Výchova a vzdelávanie zvláštnych skupín osôb  |2 konspekt 
080 |a 364-54-053.2  |2 2011 
080 |a 376  |x -056.264  |2 2011 
100 1 |a Hozlárová, Ľubica  |4 aut  |9 970129 
245 1 0 |a Metódy a formy logopedickej starostlivosti aplikované u detí žijúcich v detských domovoch  |c Ľubica Hozlárová 
336 |a text  |b txt  |2 rdacontent 
337 |a počítač  |b nc  |2 rdamedia 
338 |a online zdroj  |b cr  |2 rdacarrier 
504 |a Obsahuje bibliografiu 
546 |a Anglické, nemecké, ruské a slovenské resumé 
650 0 7 |a logopédia  |2 SNKPH  |9 921 
650 0 7 |a detské domovy  |2 SNKPH  |9 69524 
650 0 7 |a predškolský vek  |2 SNKPH  |9 70893 
650 0 7 |a výskum  |2 SNKPH  |9 4238 
655 7 |a BZB  |2 SNKPH  |9 1080216 
773 0 |t Paedagogica specialis XIV-XV : Acta facultatis paedagogicae (online)  |d Bratislava : Univerzita Komenského Bratislava, 1988  |g S. 35-44  |z 9788022328623  
856 4 1 |u http://alis.uniba.sk/storage/uk/fif/acta/k-vtls000051716.pdf  
958 |a NB 
999 |c 2988968  |d 2990898